Životní prostředí : (inženýrské stavby) /

Hlavní autor: Vaníček, Ivan, 1944-
Korporativní autor: České vysoké učení technické v Praze. Stavební fakulta
Další autoři: Schröfel, Jan, 1943-
Jazyk: Čeština
Vydáno: Praha : České vysoké učení technické, 1991
Vydání: 1. vyd.
Edice: Učební texty vysokých škol
Témata:
Externí odkaz: Digitalizovaný dokument
Fyzický popis: 148 s.
Knihy
Uloženo v:
LEADER 01437nam a22003612a 4500
001 000373276
003 CZ BrMZK
005 20080430090945.0
007 ta
008 980105s1991 xr f cze d
015 |a cnb000061267 
035 |a (OCoLC)85671842 
040 |a BOA001  |b cze 
080 9 |a 502/504 
080 9 |a 69 
100 1 |a Vaníček, Ivan,  |d 1944-  |7 ntka174276  |4 aut 
245 1 0 |a Životní prostředí :  |b (inženýrské stavby) /  |c Ivan Vaníček, Jan Schröfel 
250 |a 1. vyd. 
260 |a Praha :  |b České vysoké učení technické,  |c 1991 
300 |a 148 s. 
490 1 |a Učební texty vysokých škol 
504 |a Obsahuje bibliografii 
550 |a Vyd.: České vysoké učení technické v Praze, Stavební fakulta 
700 1 |a Schröfel, Jan,  |d 1943-  |7 ntka173946  |4 aut 
710 2 |a České vysoké učení technické v Praze.  |b Stavební fakulta  |7 kn20010710181 
810 2 |a České vysoké učení technické v Praze.  |t Učební texty  |0 s 
856 4 1 |u http://www.digitalniknihovna.cz/mzk/uuid/uuid:201a4e30-8493-11e2-aa2b-005056827e51  |y Digitalizovaný dokument  |x NDK 
910 |a BOA001  |b 4-0964.757 
964 |a Výstavba - prostředí životní - učebnice - školy vysoké 
964 |a Prostředí životní - výstavba - učebnice - školy vysoké 
990 |a BK 
991 |b 200804 
996 7 |b 2619813824  |c 4-0964.757  |l MZK  |r Sklad / do 1 hodiny  |n 8  |w 000373276  |u 000010  |a 1  |e BOA001  |j MZK50  |s A